Statystyki dla bardzo trudny Quiz

Kliknij tutaj aby rozwiązać quiz!

Ogólne statystyki

  • Ten quiz został rozwiązany 160 razy
  • Średni wynik to 5 z 7

Statystyki odpowiedzi

ZagadnienieOdpowiedź% Poprawnych
Które państwo z tych nie ma na fladze koloru czerwonego,niebieskiego,białegoJamajka
93%
Najnowsze państwo na świecieSudan południowy
81%
Która flaga to Palau
79%
Kto walczył w bitwie pod WiedniemPolska,Turcja,Austria
79%
Największe państwo AfrykiAlgieria
62%
Państwo z najwyższym IQSingapur
49%
Religia dominująca w czechachnie mają religii
36%

Rozkład punktacji

Percentyl według liczby udzielonych odpowiedzi

Procent ludzi z każdym wynikiem

Twoja historia wyników

Nie rozwiązałeś tego quizu